Days of the Week in Telugu - Statistics

General Stats
  • This quiz has been taken 46 times
  • The average score is 6 of 7
Answer Stats
English Telugu % Correct
Tuesday Maṅgaḷavāraṁ/మంగళవారం
94%
Monday Sōmavāraṁ/సోమవారం
94%
Wednesday Budhavāraṁ/బుధవారం
89%
Sunday Ādivāraṁ/ఆదివారం
86%
Thursday Guruvāraṁ/గురువారం
83%
Friday Śukravāraṁ/శుక్రవారం
83%
Saturday Śanivāraṁ/శనివారం
81%
No matching quizzes found
Score Distribution
Percent of People with Each Score
Percentile by Number Answered
Your Score History
You have not taken this quiz